00734naa a22001337i 45000010005000000030009000050050017000140080040000310400029000711000118001002450194002186550030004127730158004429413KOSZ 00520180328103726.0180328s2009 pl |||f| ||||1|| ||pol  cKOSZ 005/HRaKOSZ 005/HR aNADOLNY, Krzysztof.d2006 - .bPolitechnika Koszalińska - Wydział Mechaniczny,cKatedra Inżynierii Produkcji10aKoncepcja modernizacji procesów logistycznych z wykorzystaniem zarządzania wiedzą na przykładzie przedsiębiorstwa usługowo-produkcyjnego /cDaniel Wilczyński, Krzysztof Nadolny. 0aMateriały konferencyjne.0 iW :tZarządzanie wiedzą a inne koncepcje zarządzania : problemy integracji. -dWrocław: Wydaw. Uniwersytetu Ekonomicznego, 2009. -z9788370119867